Countries That Speak Spanish - Statistics

General Stats
  • This quiz has been taken 43 times
    36 since last reset
  • The average score is 17 of 20
Answer Stats
Country % Correct
Spain
100%
Chile
97%
Colombia
94%
Mexico
94%
Panama
91%
Paraguay
91%
Uruguay
91%
Argentina
88%
Guatemala
88%
Peru
88%
Venezuela
88%
Bolivia
85%
Ecuador
85%
Honduras
82%
Nicaragua
82%
Costa Rica
79%
Cuba
79%
Dominican Republic
79%
El Salvador
79%
Equatorial Guinea
44%
No matching quizzes found
Score Distribution
Percent of People with Each Score
Percentile by Number Answered
Your Score History
You have not taken this quiz since the last reset